Elementary and intermediate algebra : (Record no. 13899)

000 -LEADER
fixed length control field 00721nam a22002057a 4500
008 - FIXED-LENGTH DATA ELEMENTS--GENERAL INFORMATION
fixed length control field 160921b xxu||||| |||| 00| 0 eng d
020 ## - INTERNATIONAL STANDARD BOOK NUMBER
International Standard Book Number 0321127080
020 ## - INTERNATIONAL STANDARD BOOK NUMBER
International Standard Book Number 9780321127082
050 ## - LIBRARY OF CONGRESS CALL NUMBER
Classification number QA 152.3
Item number .B55 2003
100 ## - MAIN ENTRY--PERSONAL NAME
Personal name Bittinger, Marvin L.
245 ## - TITLE STATEMENT
Title Elementary and intermediate algebra :
Remainder of title graphs and models/
Statement of responsibility, etc. Marvin L. Bittinger, David J. Ellenbogen and Barbara L. Johnson.
250 ## - EDITION STATEMENT
Edition statement 2nd ed.
260 ## - PUBLICATION, DISTRIBUTION, ETC. (IMPRINT)
Place of publication, distribution, etc. Boston :
Name of publisher, distributor, etc. Pearson Addison Wesley ;
Date of publication, distribution, etc. c2004.
300 ## - PHYSICAL DESCRIPTION
Extent xxii, 1076p. :
Other physical details ill. ;
Dimensions 26cm.
500 ## - GENERAL NOTE
General note Includes bibliography and index.
650 ## - SUBJECT ADDED ENTRY--TOPICAL TERM
Topical term or geographic name as entry element Algebra.
700 ## - ADDED ENTRY--PERSONAL NAME
Personal name Ellenbogen, David J.
700 ## - ADDED ENTRY--PERSONAL NAME
Personal name Johnson, Barbara L.
942 ## - ADDED ENTRY ELEMENTS (KOHA)
Source of classification or shelving scheme
Koha item type Hard Covered Materials
Classification part QA 152.3 .B55 2003
Holdings
Withdrawn status Lost status Source of classification or shelving scheme Damaged status Not for loan Home library Current library Shelving location Date acquired Source of acquisition Total Checkouts Full call number Barcode Date last seen Price effective from Koha item type
          MACHAKOS UNIVERSITY LIBRARY MACHAKOS UNIVERSITY LIBRARY Open shelf 21/09/2016 Donation(BFA)   QA 152.3 .B55 2003 24229 21/09/2016 21/09/2016 Hard Covered Materials
© Machakos University Library, Along The Highway, Machakos Wote Rd, Machakos, Kenya P.O. Box 136 - 90100 Machakos - Kenya

Tel: ( +254 ) 723 805829 OR Fax : 044-20353 OR Email: library@mksu.ac.ke